000 00330nam a2200133Ia 4500
008 240624s9999 xx 000 0 und d
041 _aeng
082 _a920 PRE
100 _aPREMCHAND
245 _aRANGBHUMI THE ARENA OF LIFE
260 _c2011
_aNew Delhi
_bOxford
300 _axviii, : 650 : p. : cm. ; 22
365 _cRS
_b32
999 _c18877
_d18877